书目信息 |
| 题名: |
读史方舆纪要
|
|
| 作者: | 顾祖禹 撰 ;贺次君 , 施和金 点校 | |
| 分册: | 十 | |
| 出版信息: | 北京 中华书局 2019 |
|
| 页数: | 5372-6014页 | |
| 开本: | 21cm | |
| 丛书名: | 中华国学文库 | |
| 单 册: | ||
| 中图分类: | K928.649 | |
| 科图分类: | ||
| 主题词: | 历史地理--li shi di li--中国--清代 | |
| 电子资源: | ||
| ISBN: | 978-7-101-14050-7 | |
| 000 | 01485oam2 2200277 450 | |
| 001 | 011029202422 | |
| 005 | 20211031100154.20 | |
| 010 | @a978-7-101-14050-7@b精装@dCNY58.00(全10册580.00) | |
| 100 | @a20191021d2019 em y0chiy0120 ea | |
| 101 | 0 | @achi |
| 102 | @aCN@b110000 | |
| 105 | @ab z 000yy | |
| 106 | @ar | |
| 200 | 1 | @a读史方舆纪要@Adu shi fang yu ji yao@h十@f(清)顾祖禹撰@g贺次君,施和金点校 |
| 210 | @a北京@c中华书局@d2019 | |
| 215 | @a5372-6014页@c地图@d21cm | |
| 225 | 2 | @a中华国学文库@Azhong hua guo xue wen ku |
| 330 | @a《读史方舆纪要》是我国古代极其重要的一部地理总志,犹侧重于军事地理。作者顾祖禹生于清初,有感于明统治者不明边防利病之处、兵戎措置之宜,而至亡国之恨,遂花二三十年之功终成此书。该书以明两京十三司为纲目,分历代州城形势九卷,各直省一一四卷,山川异同六卷,天文分野一卷。叙述各省、府、州、县建置沿革,疆域变迁。侧重于山川险易,及古今战守成败之迹,对景物名胜所在皆略。对旧舆地书名实错误,据正史多有订正。本书由贺次君、施和金先生整理,是《读史方舆纪要》的第一个整理本。点校本以宋氏纬萧堂写本为底本,校以敷文阁本、职思堂本、邹代过校本。以历代正史、《资治通鉴》、各种地理总志、方志参校。经校勘整理,对原书的脱讹衍倒共出校勘记一千三百余条。 | |
| 461 | 0 | @12001 @a中华国学文库 |
| 606 | 0 | @a历史地理@Ali shi di li@y中国@z清代 |
| 690 | @aK928.649@v5 | |
| 701 | 0 | @c(清)@a顾祖禹@Agu zu yu@4撰 |
| 702 | 0 | @a贺次君@Ahe ci jun@4点校 |
| 702 | 0 | @a施和金@Ashi he jin@4点校 |
| 801 | 0 | @aCN@b百万庄@c20211029 |
| 905 | @b1312581-82@dK928.649@e1190:10@f2 | |
| 读史方舆纪要.十/(清)顾祖禹撰/贺次君,施和金点校.-北京:中华书局,2019 |
| 5372-6014页:地图;21cm.-(中华国学文库) |
| ISBN 978-7-101-14050-7(精装):CNY58.00(全10册580.00) |
| 《读史方舆纪要》是我国古代极其重要的一部地理总志,犹侧重于军事地理。作者顾祖禹生于清初,有感于明统治者不明边防利病之处、兵戎措置之宜,而至亡国之恨,遂花二三十年之功终成此书。该书以明两京十三司为纲目,分历代州城形势九卷,各直省一一四卷,山川异同六卷,天文分野一卷。叙述各省、府、州、县建置沿革,疆域变迁。侧重于山川险易,及古今战守成败之迹,对景物名胜所在皆略。对旧舆地书名实错误,据正史多有订正。本书由贺次君、施和金先生整理,是《读史方舆纪要》的第一个整理本。点校本以宋氏纬萧堂写本为底本,校以敷文阁本、职思堂本、邹代过校本。以历代正史、《资治通鉴》、各种地理总志、方志参校。经校勘整理,对原书的脱讹衍倒共出校勘记一千三百余条。 |
| ● |
| 相关链接 |
|
|
|
|
正题名:读史方舆纪要
索取号:K928.649/1190:10
 
预约/预借
| 序号 | 登录号 | 条形码 | 馆藏地/架位号 | 状态 | 备注 |
| 1 | 1312581 | 213125811 | 第二样本阅览室/ [索取号:K928.649/1190:10] | 在馆 | |
| 2 | 1312582 | 213125820 | 第二借阅区/ [索取号:K928.649/1190:10] | 在馆 |